000 00646nam a2200241Ia 4500
003 OSt
005 20221005120920.0
006 a|||||r|||| 00| 0
007 ta
008 221004b |||||||| |||| 00| 0 eng d
024 _a66647
037 _cTextual
040 _aCRL
_cCRL
_beng
041 _2eng
_aeng
082 _aV53:1:N45<-M48, L3 L3;1 L3;2
100 _aZeidin Theodore
_9629802
245 0 _aFrance 1848-1945
260 _c1973
490 _aOxford history of modern Europe,
650 _aHISTORY
942 _hV53:1:N45<-M48, L3 L3;1 L3;2
_cTEXL
_2cc
999 _c1039524
_d1039524